Les téléphones les plus vendus - Statistiques

Statistiques générales
  • Ce quiz a été pris 4 fois
  • Le résultat moyen est 2 sur 9
Statistiques - réponses
Réponses % Correct
1 Samsung Galaxy S24 Ultra
75%
6 Samsung Galaxy A13
50%
8 Apple iPhone 15 Plus
25%
3 Samsung Galaxy A15
25%
9 Galaxy A14 4G
0%
2 Galaxy A14 5G
0%
7 Samsung Galaxy A34 5G
0%
4 Samsung Galaxy A54 5G
0%
5 Samsung Galaxy AO4e 32G
0%
Aucun quiz correspondant
Distribution des résultats
% des personnes avec chaque résultat
Percentile par nombre de réponses
Votre historique - résultats
Vous n’avez pas pris ce quiz